Súbežný pracovný pomer
S tým istým zamestnancom nemožno dohodnúť viac pracovných pomerov na pracovné činnosti rovnakého druhu.
Uložené v:
| Hlavný autor: | |
|---|---|
| Médium: | Kapitola |
| Jazyk: | Slovak |
| Predmet: | |
| Tagy: |
Žiadne tagy, Buďte prvý, kto otaguje tento záznam!
|
MARC
| LEADER | 00000naa a2200000 4500 | ||
|---|---|---|---|
| 001 | 0185041 | ||
| 005 | 20231120134212.1 | ||
| 041 | 0 | |a slo | |
| 044 | |a SK | ||
| 245 | 1 | 0 | |a Súbežný pracovný pomer |c Jozef Jaško |
| 520 | |a S tým istým zamestnancom nemožno dohodnúť viac pracovných pomerov na pracovné činnosti rovnakého druhu. | ||
| 610 | 2 | 0 | |a pomer pracovný súbežný |
| 100 | 1 | |a Jaško, Jozef | |